Tradičné médiá a ich aktuálne trhové výzvy diplomová práca

Gespeichert in:
Bibliographische Detailangaben
1. Verfasser: Köröšová, Agnesa
Körperschaft: Obchodná fakulta EU. Katedra marketingu
Weitere Verfasser: Bednár, Jozef, 1972-
Format: Buch
Sprache:Slowakisch
Veröffentlicht: Bratislava 2021
Tags: Tag hinzufügen
Keine Tags, Fügen Sie das erste Tag hinzu!

MARC

LEADER 00000nbm a2200000 4500
001 0274471
005 20220131133029.2
041 0 |a slo 
044 |a SK 
245 1 0 |a Tradičné médiá a ich aktuálne trhové výzvy  |b diplomová práca  |c Agnesa Köröšová ; školiteľ: Jozef Bednár 
264 1 |a Bratislava  |c 2021 
300 |a 83 s. 
100 1 |a Köröšová, Agnesa 
700 1 |a Bednár, Jozef, 1972- 
710 2 |a Obchodná fakulta EU. Katedra marketingu